000 01470nam a2200265Ia 4500
999 _c40015
_d40015
001 6621
003 GE_BSU
005 20191202155417.0
008 181216s2009||||ge |||||||||||||| ||geo||
020 _a9789941409028
040 _cGE_BSU
041 _ageo
080 _a39(479.223)(560) ბ-53
100 _aბერიძე, ეთერ
_95671
245 _aნიგალი :
_bისტორ.-ეთნოგრ. და ლინგვ.-ტოპონ. ასპექტები /
_cეთერ ბერიძე ; რედ. რამაზ სურმანიძე.
264 _aთბილისი :
_bშოთა რუსთაველის სახ.უნ-ტი,
_c2009.
300 _a401გვ. :
_bილ.;
_c26 სმ.
653 _aქართველების ეთნოგრაფია;
653 _a ქართული ტოპონიმიკა თურქეთში
653 _aქართველები თურქეთში
700 _aსურმანიძე, რამაზ
_eრედაქტორი
_95672
710 _aშოთა რუსთაველის სახელმწ. უნ-ტი
_bჰუმანიტ.- მეცნ. ფაკულტეტი; ქართ. ფილოლ. დეპარტამენტი.
_95673
856 _uhttp://dspace.nplg.gov.ge/bitstream/1234/7044/1/Beridze_Eter.pdf
_yელ. ვერსია pdf
942 _cBK
_2udc